<?xml version="1.0" encoding="UTF-8"?>
<marc:record xmlns:marc="http://www.loc.gov/MARC21/slim">
   <marc:leader>00000nam a2200000 a 4500</marc:leader>
   <marc:datafield ind1="1" ind2=" " tag="100">
      <marc:subfield code="a">Herfurtner, Rudolf</marc:subfield>
      <marc:subfield code="4">aut</marc:subfield>
      <marc:subfield code="e">Verfasser/-in</marc:subfield>
   </marc:datafield>
   <marc:datafield ind1=" " ind2=" " tag="653">
      <marc:subfield code="a">Kunst für Kinder</marc:subfield>
   </marc:datafield>
   <marc:datafield ind1=" " ind2=" " tag="653">
      <marc:subfield code="a">Monet</marc:subfield>
   </marc:datafield>
   <marc:datafield ind1=" " ind2=" " tag="653">
      <marc:subfield code="a">Claude</marc:subfield>
   </marc:datafield>
   <marc:datafield ind1=" " ind2=" " tag="653">
      <marc:subfield code="a">Impressionismus</marc:subfield>
   </marc:datafield>
   <marc:datafield ind1="0" ind2="0" tag="245">
      <marc:subfield code="a">Monet für Kinder</marc:subfield>
   </marc:datafield>
   <marc:datafield ind1="0" ind2="0" tag="245">
      <marc:subfield code="b">Interaktive Spiele und Infos</marc:subfield>
   </marc:datafield>
   <marc:datafield ind1="0" ind2="0" tag="245">
      <marc:subfield code="c">Rudolf Herfurtner. Mit Ill. von Laurence Sartin</marc:subfield>
   </marc:datafield>
   <marc:datafield ind1=" " ind2="1" tag="264">
      <marc:subfield code="a">München</marc:subfield>
      <marc:subfield code="b">Betz</marc:subfield>
      <marc:subfield code="c">2009</marc:subfield>
   </marc:datafield>
   <marc:datafield ind1="1" ind2=" " tag="520">
      <marc:subfield code="a">Die schönsten Werke des großen Impressionisten für Kinder. (ab 5) (JK)      Im großformatigen Buch werden Leben und Werk von Claude Monet anhand seiner berühmtesten Werke vorgestellt. Die Nymphen aus seinem Seerosenteich erzählen dazu interessante Geschichten über Monets geliebten Garten, sein Leben in Frankreich, die Entstehung seiner eigentümlichen Farbmischungen sowie den Fortgang seiner Karriere und lassen so den Maler zum Greifen nah erscheinen. Monets wichtigste Werke sind abgebildet, auf der beiliegenden CD-Rom finden sich zu den meisten Bildern Spiele (wie Puzzle, Quiz oder Suchbilder), außerdem eine Zeitleiste mit den wichtigsten Eckpunkten seines Lebens und eine Zoomfunktion für die Bilder, wodurch man diese noch besser kennen lernen kann.  Das Buch ermöglicht Kindern spielerisch den Zugang zur Kunst und eignet sich wunderbar zum Vorlesen.  *bn* Verena Gangl</marc:subfield>
   </marc:datafield>
   <marc:datafield ind1=" " ind2=" " tag="020">
      <marc:subfield code="a">9783219114034</marc:subfield>
      <marc:subfield code="9">9783219114034</marc:subfield>
   </marc:datafield>
   <marc:datafield ind1=" " ind2=" " tag="041">
      <marc:subfield code="a">ger</marc:subfield>
   </marc:datafield>
   <marc:datafield ind1=" " ind2=" " tag="300">
      <marc:subfield code="e">CD-ROM</marc:subfield>
   </marc:datafield>
   <marc:datafield ind1=" " ind2=" " tag="300">
      <marc:subfield code="a">30 S.</marc:subfield>
   </marc:datafield>
</marc:record>
